000 00770nam a2200265 i 4500
001 C2-0318069
003 PPAK
005 20180728114105.0
008 121004s2012 my a|||| ||||| | may d
020 _a9789670335094
040 _aPPAK
_beng
_cPPAK
_erda
082 0 4 _a915.95
_223
090 0 0 _a915.95
_bPAH
_dRK
245 0 0 _aPahang Darul Makmur
264 1 _aKuala Lumpur :
_bPenerbit Sinar Cemerlang ,
_c2012
300 _a44 pages :
_billustrations ;
_c26 cm
336 _2rdacontent
_atext
337 _2rdamedia
_aunmediated
338 _2rdacarrier
_avolume
490 1 _aKembara peta geografi dan sejarah
650 1 0 _aRecreation Areas - Malaysia
700 0 _aAfzan Ayub,
_ecompile
830 0 _aKembara peta geografi dan sejarah
942 _ddc
_cB
999 _c119051
_d119051